| 000 | 00917 a2200241 4500 | ||
|---|---|---|---|
| 003 | NUST | ||
| 005 | 20221227164432.0 | ||
| 010 | _a 90040844 | ||
| 020 | _a0691023123 (pbk. : alk. paper) : | ||
| 020 | _a0691078289 (alk. paper) : | ||
| 040 | _cNust | ||
| 082 | 0 | 0 | _a355.0217,GLA |
| 100 | 1 |
_aGlaser, Charles L. _948762 |
|
| 245 | 1 | 0 |
_aAnalyzing strategic nuclear policy / _cCharles L. Glaser. |
| 260 |
_aPrinceton, N.J. : _bPrinceton University Press, _cc1990. |
||
| 300 |
_axii, 378 p. ; _c25 cm. |
||
| 505 | _aPart.1: The Question Behind the Questions (Page-19), Part.2: Alternative Nuclear World (Page-103), Part.3: Decision in Mad (Page-207). | ||
| 650 | 0 |
_aDeterrence (Strategy) _912990 |
|
| 650 | 0 |
_aNuclear warfare. _937117 |
|
| 651 | 0 |
_aUnited States _xMilitary policy. |
|
| 856 | 4 | 2 |
_3Publisher description _uhttp://www.loc.gov/catdir/description/prin031/90040844.html |
| 942 |
_2ddc _cBK _k355.0217,GLA |
||
| 999 |
_c185851 _d185851 |
||